| 000 | 00643nam a2200217 4500 | ||
|---|---|---|---|
| 001 | 116192 | ||
| 003 | ES-MaACL | ||
| 005 | 20250911062652.0 | ||
| 007 | t| | ||
| 008 | 061121s1973 sp r ||||1| spa d | ||
| 100 | 1 |
_aOrwell, George. _987703 |
|
| 245 | 1 | 0 |
_aSin blanca en París y Londres / _cGeorge Orwell ; José Miguel Velloso. |
| 250 | _a1ª. ed. | ||
| 260 |
_aBarcelona : _bDestino, _c1973. |
||
| 300 |
_a224 p. : _bil. ; _c19 cm. |
||
| 490 | 1 |
_aAncora y delfín ; _v407 |
|
| 700 | 1 |
_aVelloso, José Miguel. _9113857 |
|
| 830 | 0 | 0 |
_aÁncora y Delfín _v407 _9151298 |
| 852 |
_aES-MaACL _jC-55706 _bR.88394 |
||
| 999 |
_c116192 _d116192 |
||